000 00195 a2200097 4500
020 _a9780673758644
041 _aspa
100 _aRobinson, Fay
245 _aSi tuviera un dinosaurio
942 _cBK
999 _c31928
_d31926